[Event "Let's Play Chess!"]
[Site "http://www.queenalice.com/game.php?id=645471"]
[Date "2009.9.1"]
[Round "-"]
[White "erikmartinelli"]
[Black "lehman"]
[Result "0-1"]
[WhiteElo "1413"]
[BlackElo "1500"]

1. e4 c6 2. Qf3 d5 3. exd5 cxd5 4. Bb5+ Nc6 5. d4 e6 6. Nh3 Nf6 7. Ng5 h6 8.
Bxc6+ bxc6 9. b3 hxg5 10. Bxg5 Ba6 11. Bxf6 Qxf6 12. Nd2 Bb4 13. O-O-O Ba3+ 14.
Kb1 Qxd4 15. c3 Qf6 16. Qxf6 gxf6 17. c4 Rb8 18. cxd5 cxd5 19. f4 Rc8 20. g4
Bd3+ 21. Ka1 Kd7 22. f5 Rc2 23. Nb1 Bb2# 0-1

[Event "Let's Play Chess!"]
[Site "http://www.queenalice.com/game.php?id=645473"]
[Date "2009.9.1"]
[Round "-"]
[White "n90203"]
[Black "erikmartinelli"]
[Result "0-1"]
[WhiteElo "1198"]
[BlackElo "1405"]

1. e4 e5 2. Nh3 Nf6 3. c3 Nxe4 4. Qf3 d5 5. d3 Nc5 6. Ng5 f6 7. d4 exd4 8. cxd4
fxg5 9. dxc5 Bxc5 10. Qh5+ g6 11. Qf3 Qe7+ 12. Be3 d4 13. h4 dxe3 14. hxg5 exf2+
15. Kd1 Na6 16. a3 Bf5 17. Bxa6 Rd8+ 18. Nd2 bxa6 19. Rc1 Qd7 20. Rc2 Bxc2+ 21.
Kxc2 Qxd2+ 22. Kb1 h6 23. Qe4+ Be7 24. Qxg6+ Kd7 25. Qf5+ Ke8 26. Qg6+ Kf8 27.
Qxa6 Rb8 28. b4 Bxg5 29. Rc1 c5 30. Qd6+ Qxd6 0-1

[Event "Let's Play Chess!"]
[Site "http://www.queenalice.com/game.php?id=650798"]
[Date "2009.9.12"]
[Round "-"]
[White "abelsaul"]
[Black "erikmartinelli"]
[Result "1-0"]
[WhiteElo "1648"]
[BlackElo "1425"]

1. e4 e5 2. Nf3 Nc6 3. Bc4 Nf6 4. d3 g6 5. Nc3 Bc5 6. O-O Nd4 7. Nxe5 O-O 8. Bg5
d6 9. Nd5 Nc6 10. Nxf6+ Kh8 11. Nxh7 Kxh7 12. Bxd8 Nxd8 13. Ng4 Bxg4 14. Qd2 Nc6
15. c3 Rae8 16. Bb5 a6 17. Bxc6 bxc6 18. d4 Bb6 19. f3 Be6 20. Kh1 d5 21. e5 c5
22. Rad1 cxd4 23. cxd4 Rh8 24. Qg5 Kg7 25. Qf6+ Kg8 26. Rf2 c5 27. dxc5 Bxc5 28.
Rc2 Bb6 29. Rc6 Bd8 30. Qf4 Bd7 31. Rxa6 g5 32. Qg3 Bc7 33. Qxg5+ Kf8 34. f4 Rg8
35. Qh6+ Ke7 36. Ra7 Bb8 37. Qf6+ Kf8 38. Rxd7 Rg4 39. Qxf7# 1-0

[Event "Let's Play Chess!"]
[Site "http://www.queenalice.com/game.php?id=650799"]
[Date "2009.9.13"]
[Round "-"]
[White "kre"]
[Black "erikmartinelli"]
[Result "1-0"]
[WhiteElo "1242"]
[BlackElo "1394"]

1. e4 e5 2. Qh5 g6 3. Qxe5+ Qe7 4. Qxh8 Qxe4+ 5. Be2 Qxc2 6. Na3 Qe4 7. Qxg8
Qxg2 8. Bf3 b6 9. Bxg2 Bb7 10. Bxb7 Nc6 11. Bxa8 Nd4 12. Qxh7 Bxa3 13. bxa3 Nc2+
14. Ke2 Nxa1 15. Bd5 c5 16. Qxf7+ Kd8 17. Bb2 Nc2 18. Be5 Nxa3 19. Qf8# 1-0

[Event "Let's Play Chess!"]
[Site "http://www.queenalice.com/game.php?id=650801"]
[Date "2009.9.12"]
[Round "-"]
[White "erikmartinelli"]
[Black "ozzyx1409"]
[Result "1-0"]
[WhiteElo "1433"]
[BlackElo "1352"]

1. e4 e5 2. Nf3 Nf6 3. Nxe5 Nxe4 4. Qf3 Ng5 5. Qe3 d6 6. Nc6+ Be6 7. Nxd8 Kxd8
8. Qxg5+ Ke8 9. Qb5+ Nd7 10. Qxb7 Rd8 11. Qxa7 Rc8 12. Bb5 Kd8 13. Nc3 Be7 14.
d4 Bf5 15. Ba6 Nb6 16. Bxc8 Nxc8 17. Qb8 Re8 18. O-O Bxc2 19. Nd5 Bd3 20. Qxc7#
1-0

[Event "Let's Play Chess!"]
[Site "http://www.queenalice.com/game.php?id=650802"]
[Date "2009.9.13"]
[Round "-"]
[White "erikmartinelli"]
[Black "CAPCHEK"]
[Result "0-1"]
[WhiteElo "1419"]
[BlackElo "1355"]

1. e4 d5 2. exd5 Qxd5 3. Nc3 Qe5+ 4. Qe2 Qxe2+ 5. Bxe2 Bf5 6. Nb5 Kd8 7. Nf3 h5
8. b3 Bxc2 9. Ne5 Nh6 10. d3 e6 11. a4 Nd7 12. Nxd7 Kxd7 13. Nd4 Bb4+ 14. Bd2
Bxd2+ 15. Kxd2 Bxb3 16. Nxb3 Nf5 17. Nc5+ Kc6 18. Rhc1 Nd4 19. Nxe6+ Kd5 20.
Nxc7+ Kd6 21. Nxa8 Rxa8 22. Bxh5 f6 23. Rab1 b6 24. Ke3 Nf5+ 25. Kd2 g5 26. Rc3
Rh8 27. Bg4 Ne7 28. h3 f5 29. Bd1 Rh4 30. Rbc1 Rf4 31. Rc6+ Nxc6 32. g3 Rxf2+
33. Ke1 Rh2 34. h4 g4 35. h5 Rxh5 36. Rc4 b5 37. axb5 Ne5 38. Rc3 Rh3 0-1

[Event "Let's Play Chess!"]
[Site "http://www.queenalice.com/game.php?id=650803"]
[Date "2009.9.12"]
[Round "-"]
[White "erikmartinelli"]
[Black "Piazzolero"]
[Result "0-1"]
[WhiteElo "1398"]
[BlackElo "1475"]

1. e4 e5 2. Nf3 d6 3. g3 Bg4 4. Nc3 Qf6 5. Nd5 Qd8 6. c4 Nc6 7. Be2 Nf6 8. Nxf6+
Qxf6 9. d3 g6 10. Bg5 Qe6 11. Qa4 f6 12. Be3 Qd7 13. b4 Nd4 14. Bxd4 Qxa4 15.
O-O Bxf3 16. Bxf3 exd4 17. c5 Qxb4 18. Rab1 Qxc5 19. Rxb7 Qc6 20. Rbb1 f5 21.
Rfc1 Qd7 0-1

[Event "FLAMENGO X CORITIBA"]
[Site "http://www.queenalice.com/game.php?id=660219"]
[Date "2009.9.29"]
[Round "-"]
[White "maluca"]
[Black "erikmartinelli"]
[Result "1-0"]
[WhiteElo "2125"]
[BlackElo "1421"]

1. e4 e5 2. Nf3 Nc6 3. Bc4 Nf6 4. Ng5 Qe7 5. Nxf7 Nxe4 6. Nxh8 Qf6 7. Qh5+ g6 8.
Qxh7 Qxf2+ 9. Kd1 Qxg2 10. Qf7+ Kd8 11. Qxf8# 1-0

[Event "FLAMENGO X CORINTHIANS"]
[Site "http://www.queenalice.com/game.php?id=660228"]
[Date "2009.9.29"]
[Round "-"]
[White "maluca"]
[Black "erikmartinelli"]
[Result "1-0"]
[WhiteElo "2178"]
[BlackElo "1417"]

1. d4 e6 2. Nf3 d5 3. c4 dxc4 4. e3 Bb4+ 5. Nc3 Nf6 6. Bxc4 Ne4 7. Qc2 Ng5 8.
Nxg5 Qxg5 9. O-O Bxc3 10. bxc3 b6 11. Qe4 Bb7 12. Qxb7 O-O 13. Qxa8 Nd7 14. Qxa7
Nf6 15. Qxc7 Ng4 16. Rb1 Qh4 17. Ba3 e5 18. h3 exd4 19. Bxf7+ Kh8 20. Bxf8 d3
21. Be7 g5 22. Qd8+ Kg7 23. Qf8# 1-0

[Event "Let's Play Chess!"]
[Site "http://www.queenalice.com/game.php?id=667036"]
[Date "2009.10.14"]
[Round "-"]
[White "zemorais"]
[Black "erikmartinelli"]
[Result "1-0"]
[WhiteElo "1796"]
[BlackElo "1396"]

1. e4 e5 2. Nf3 Nc6 3. Bb5 Nf6 4. O-O Nxe4 5. Re1 d5 6. d3 Nf6 7. Bxc6+ bxc6 8.
Nxe5 Bd6 9. Nxc6+ Kd7 10. Nd4 c5 11. Nf5 1-0

[Event "Let's Play Chess!"]
[Site "http://www.queenalice.com/game.php?id=667110"]
[Date "2009.10.14"]
[Round "-"]
[White "Killersugus"]
[Black "erikmartinelli"]
[Result "1-0"]
[WhiteElo "1185"]
[BlackElo "1396"]

1. d4 d5 2. c4 dxc4 3. Nf3 e6 4. e4 Bb4+ 5. Nc3 Nf6 6. Qc2 Ng4 7. Bxc4 g6 8. h3
Nxf2 9. Kxf2 Qf6 10. Bg5 Qg7 11. e5 b6 12. Bf6 Qg8 13. Qa4+ Bd7 14. Qxb4 Nc6 15.
Qa3 h5 16. d5 exd5 17. Bxd5 Rh6 18. Bxc6 Bxc6 19. Qe7# 1-0

[Event "Let's Play Chess!"]
[Site "http://www.queenalice.com/game.php?id=667111"]
[Date "2009.10.14"]
[Round "-"]
[White "Killersugus"]
[Black "erikmartinelli"]
[Result "1-0"]
[WhiteElo "1837"]
[BlackElo "1421"]

1. d4 Nf6 2. Bg5 Ne4 3. Bf4 e6 4. e3 Bd6 5. Bd3 Nxf2 6. Kxf2 Bxf4 7. exf4 Qh4+
8. g3 Qf6 9. Nf3 Nc6 10. c3 d6 11. Nbd2 e5 12. Ne4 Qe6 13. Neg5 Qg4 14. dxe5
dxe5 15. Re1 O-O 16. Nxe5 Qxd1 17. Raxd1 f6 18. Nxc6 bxc6 19. Bc4+ Kh8 20. Re7
h6 21. Nf7+ Kg8 22. Nxh6+ Kh8 23. Nf7+ Kh7 24. Rxc7 Bg4 25. Rd4 a5 26. Bd3+ Kg8
27. Nd6 Rab8 28. b3 Rfd8 29. Bc4+ 1-0

[Event "Let's Play Chess!"]
[Site "http://www.queenalice.com/game.php?id=667112"]
[Date "2009.10.14"]
[Round "-"]
[White "erikmartinelli"]
[Black "Killersugus"]
[Result "0-1"]
[WhiteElo "1423"]
[BlackElo "1835"]

1. e4 e6 2. e5 d5 3. exd6 Bxd6 4. Nf3 Nf6 5. d4 O-O 6. Ng5 b6 7. Bd3 h6 8. Nf3
Nbd7 9. c4 c5 10. dxc5 Nxc5 11. Bc2 Ba6 12. b3 Qc7 13. Nc3 Rad8 14. Qe2 Ng4 15.
Nh4 Ne5 16. Ne4 Be7 17. O-O Bxh4 18. Nxc5 Qxc5 19. Qe4 f5 20. Qxh4 Bc8 21. Qg3
Nf7 22. Bb2 g5 23. Bf6 Rd2 24. Bd1 e5 25. Bh5 f4 26. Bxf7+ Rxf7 27. Qc3 Qd4 28.
Bxe5 Qxc3 0-1

[Event "Let's Play Chess!"]
[Site "http://www.queenalice.com/game.php?id=667113"]
[Date "2009.10.14"]
[Round "-"]
[White "erikmartinelli"]
[Black "seizen"]
[Result "1-0"]
[WhiteElo "1396"]
[BlackElo "1440"]

1. e4 e5 2. Nf3 Nc6 3. g3 Nf6 4. Nc3 Bb4 5. Bh3 O-O 6. Ne2 Nxe4 7. O-O d5 8.
Bxc8 Rxc8 9. d3 Nc5 10. c3 Ba5 11. b4 Bb6 12. bxc5 Bxc5 13. d4 exd4 14. cxd4 Bb4
15. Qd3 Qf6 16. Ng5 Rce8 17. Qxh7# 1-0

[Event "Challenge"]
[Site "http://www.queenalice.com/game.php?id=668572"]
[Date "2009.10.17"]
[Round "-"]
[White "erikmartinelli"]
[Black "Marcelo_Araujo"]
[Result "0-1"]
[WhiteElo "1414"]
[BlackElo "1779"]

1. e4 d5 2. exd5 Qxd5 3. Nc3 Qe6+ 4. Qe2 Qxe2+ 5. Bxe2 Bf5 6. Nd5 Kd7 7. Nf3 Nc6
8. Bb5 f6 9. d4 e6 10. Nf4 Bxc2 11. d5 exd5 12. Nxd5 Ne7 13. Nb4 Be4 14. Nxc6
Bxc6 15. Bxc6+ Nxc6 16. O-O Re8 17. Bf4 Bc5 18. Rad1+ Kc8 19. a3 Re4 0-1